01520nam a2200289 a 450000100100000000500170001000800410002702000150006804000250008308200200010824500160012826000430014430000340018749000250022150400300024665000630027665100770033965100870041683000320050391000370053595201330057295201330070595201330083895201180097195201240108999900170121300002534620200930023725.0110215s20uu dr ac 000 0 spa d a9945402048 aDO-SdBNPbspacBNPHU a972.9381bH364m00aHato Mayor. aSanto Domingo :bBanreservas,c[200?]. a87 p. :bil., retr. ;c27 cm.1 aFragmentos de patria aBibliografía : p. 86-87 4aCiudades y puebloszRepública DominicanaxHistoria98393 4aHato Mayor Del Rey (República Dominicana{Rpara}xHistoria Local944106 4aHato Mayor Del Rey (República Dominicana{Rpara}xVida Social Y Costumbres951902 0aFragmentos de patria944949 aValidado. Control de calidad MFF 001054708DSaGRbGRcHDd2011-02-15iLF1l0o972.9381 H364mp25346-30r2020-06-25te. 3w2020-06-25yLFDSZPréstamo en sala 001054708DSaGRbGRcHDd2013-05-10iLF1l0o972.9381 H364mp25346-40r2020-06-25te. 4w2020-06-25yLFDSZPréstamo en sala 001054708DSaGRbGRcHDd2013-05-10iLF1l0o972.9381 H364mp25346-50r2020-06-25te. 5w2020-06-25yLFDSZPréstamo en sala 0010718PDaPDbPDcHDd2011-02-15iLF1l0o972.9381 H364mp25346-10r2020-06-25w2020-06-25yLFPDZNo se presta 0010718PDaPDbPDcHDd2011-02-15iLF1l0o972.9381 H364mp25346-20r2020-06-25te. 2w2020-06-25yLFPDZNo se presta c24838d24838